000 00735nam a2200265Ia 4500
020 _a0328030155 (gr. K)
020 _a0328067067 (gr. 1)
020 _a0328067075 (gr. 2)
020 _a0328067083 (gr. 3)
020 _a0328067091 (gr. 4)
020 _a0328067105 (gr. 5)
020 _a0328067113 (gr. 6)
040 _cBGU
082 _a372 PEA 2004 A065 Or.
245 0 0 _aOhio mathematics /
246 3 0 _aMathematics
260 _aGlenview, IL :
_bPearson/Scott Foresman,
_cc2004
300 _a7 v. :
_bcol. ill. ;
_c31 cm
650 0 _aMathematics
650 0 _aMathematics
710 2 _aScott, Foresman and Company
710 2 _aAddison-Wesley Publishing Company
710 2 _aPearson Education, Inc
942 _cEK
999 _c14331
_d14331